| 000 | 00750nam a22002537a 4500 | ||
|---|---|---|---|
| 001 | BR8204195 | ||
| 003 | BR-BrBNA | ||
| 005 | 20230928091412.0 | ||
| 007 | ta | ||
| 008 | 230509b bl.||||| |||| 00| 0 por d | ||
| 040 |
_aBR-BrBNA _bpor _cBiblioteca Nacional de Agricultura |
||
| 041 | _a(Por) | ||
| 072 | _aP05; C00 | ||
| 090 | _ P05 BR8204195 | ||
| 110 | 1 |
_aAssociacao de Assistencia Tecnica e Extensao Rural do Territorio Federal de Rondonia, Porto Velho (Brasil) _9407 |
|
| 245 | 1 | _aManual de construcao biodigestor [extensao rural] | |
| 260 | 3 |
_aPorto Velho, RO (Brasil): _c1982. |
|
| 300 | _a8 p. | ||
| 650 | _aBIODIGESTOR | ||
| 650 | _aBIOGAS | ||
| 650 | _aRECURSO ENERGETICO | ||
| 909 |
_a202309 _bLucia _c55 _dLucia Elande |
||
| 942 | _cBK | ||
| 999 |
_c33714 _d33714 |
||